中国内地城区人口top100城市 China top 100 cities by population - Statistics

General Stats
  • This quiz has been taken 268 times
  • The average score is 79 of 100
Answer Stats
人口 城市 % Correct
1775 北京
100%
1987 上海
99%
1744 深圳
98%
1634 重庆
98%
1488 广州
97%
1334 成都
97%
550 哈尔滨
97%
399 苏州
97%
1093 天津
96%
995 武汉
96%
521 大连
96%
874 杭州
95%
791 南京
95%
707 沈阳
95%
601 青岛
95%
555 长沙
95%
442 石家庄
95%
436 厦门
95%
354 福州
95%
335 南昌
95%
956 东莞
94%
928 西安
94%
588 济南
94%
361 宁波
94%
343 长春
94%
854 佛山
93%
534 郑州
93%
373 乌鲁木齐
93%
357 无锡
93%
135 泉州
93%
534 昆明
91%
457 南宁
90%
378 合肥
90%
238 温州
90%
206 徐州
90%
151 扬州
90%
405 太原
89%
289 兰州
89%
223 呼和浩特
89%
201 烟台
89%
199 洛阳
89%
383 贵阳
88%
309 常州
87%
190 珠海
86%
158 南通
86%
190 保定
83%
190 包头
83%
217 绍兴
81%
214 唐山
81%
130 吉林
81%
125 桂林
81%
274 中山
80%
253 汕头
80%
194 邯郸
80%
162 西宁
80%
247 临沂
79%
186 潍坊
79%
110 开封
79%
164 赣州
78%
138 绵阳
78%
134 台州
78%
132 芜湖
78%
121 齐齐哈尔
78%
206 柳州
77%
152 银川
77%
122 宜昌
76%
146 襄阳
75%
135 盐城
74%
240 淄博
72%
123 湛江
72%
267 惠州
71%
209 海口
70%
132 株洲
70%
128 大庆
70%
125 秦皇岛
70%
107 岳阳
70%
175 大同
68%
130 济宁
67%
130 淮安
67%
135 咸阳
66%
146 鞍山
64%
103 衡阳
64%
138 莆田
63%
147 遵义
60%
167 江门
59%
117 邢台
59%
108 宜宾
56%
116 泰安
54%
109 新乡
54%
109 聊城
52%
120 上饶
51%
109 张家口
49%
108 枣庄
49%
119 南充
48%
121 抚顺
47%
141 昆山
39%
109 淮南
39%
108 十堰
37%
118 义乌
36%
106 慈溪
26%
No matching quizzes found
Score Distribution
Percent of People with Each Score
Percentile by Number Answered
Your Score History
You have not taken this quiz